Reinforced concrete (Record no. 547048)
[ view plain ]
| 000 -LEADER | |
|---|---|
| fixed length control field | 00500nam a22001577a 4500 |
| 020 ## - INTERNATIONAL STANDARD BOOK NUMBER | |
| International Standard Book Number | 0 419 13830 7 |
| 082 ## - DEWEY DECIMAL CLASSIFICATION NUMBER | |
| Classification number | 624.18341 |
| Author Mark | MAC |
| -- | L-19, P-93 |
| 100 ## - MAIN ENTRY--PERSONAL NAME | |
| Personal name | MachGinley, T.J |
| 9 (RLIN) | 43241 |
| 245 ## - TITLE STATEMENT | |
| Title | Reinforced concrete |
| Remainder of title | Design theory and examples |
| Statement of responsibility, etc. | T.J. MachGinley |
| 260 ## - PUBLICATION, DISTRIBUTION, ETC. | |
| Place of publication, distribution, etc. | London |
| Name of publisher, distributor, etc. | E. & F.N Spon An Imprint of Chapman and Hall |
| Date of publication, distribution, etc. | 1978 |
| 300 ## - PHYSICAL DESCRIPTION | |
| Extent | xii, 520.p: |
| 526 ## - STUDY PROGRAM INFORMATION NOTE | |
| Program name | 0 |
| Interest level | 0 |
| Reading level | 0 |
| Title point value | 624_183410000000000_MAC |
| 526 ## - STUDY PROGRAM INFORMATION NOTE | |
| Program name | 0 |
| Interest level | 0 |
| Reading level | 0 |
| Title point value | 624_183410000000000_MAC |
| 650 ## - SUBJECT ADDED ENTRY--TOPICAL TERM | |
| Topical term or geographic name entry element | MCE |
| 9 (RLIN) | 379 |
| 942 ## - ADDED ENTRY ELEMENTS (KOHA) | |
| Source of classification or shelving scheme | |
| Koha item type | Book |
| Withdrawn status | Lost status | Source of classification or shelving scheme | Damaged status | Not for loan | Permanent Location | Current Location | Date acquired | Total Checkouts | Full call number | Barcode | Date last seen | Price effective from | Koha item type | Date last checked out |
|---|---|---|---|---|---|---|---|---|---|---|---|---|---|---|
| Military College of Engineering (MCE) | Military College of Engineering (MCE) | 06/27/2014 | 624.18341 MAC | MCE-27592/1 | 06/27/2014 | 06/27/2014 | Book | |||||||
| Military College of Engineering (MCE) | Military College of Engineering (MCE) | 06/27/2014 | 1 | 624.18341 MAC | MCE-27592 | 06/22/2017 | 06/27/2014 | Book | 04/06/2017 |
